000 00528nam a2200181Ia 4500
005 20250508160207.0
008 008 250505s9999 xx 000 0 eng d
037 _aTextual
040 _aFEDL
_beng
_cFEDL
041 _aeng
_2eng
084 _a371.62, UNI
_qFEDL
100 _aMuerman J C
_9768029
245 0 _aDistrict owned or controlled teacher's home
260 _aWashington, USA
_bU.S. Government Printing Office
_c1922
300 _a19p.
942 _cTEXL
_h371.62, UNI
999 _c1362569
_d1362569